000 00711nam a2200241Ia 4500
008 191130s1998##################000#0#eng##
020 _a9780688163785
022 _a98025857
040 _aACL
_cACL
082 _a641.5 LAG
100 _aLagasse, Emeril
245 _aEmeril's TV dinners
_cEmeril Lagasse with Marcelle Bienvenu and Felicia Willett ; photography by Brian Smale
250 _a1st ed
260 _aNew York
_bWilliam Morrow
_cc1998
300 _axix, 268 p. : ill. ; 24 cm. ; hpk
500 _aIncludes index
650 _aCooking
700 _aBienvenu, Marcelle
700 _aWillett, Felicia
990 _a59c639c1ac10000c18260b7813f1b82b
991 _a302114
999 _c159759
_d159759